000 00324nam a22001457a 4500
008 230208b ||||| |||| 00| 0 eng d
020 _a9780321567970
041 _aeng
080 _24TH EDITION
_a51
082 _a51PRI
100 _a20
101 _aMATEM
245 _aMATHEMATICS ALL AROUND
_cPIRNOT
942 _2udc
_cBK
999 _c59338
_d59338